000 00456nab a2200145Ia 4500
003 ES-SlBCS
005 20210601130739.0
008 140529s1989 xxu||||| |||| 00| 0 fre d
041 _afre
100 1 _aGauthier, Gilles
_9176807
245 0 0 _aL'engagement psychologique dans la communication langagière
_c Gilles Gauthier
650 0 4 _aComunicación Lingüística
_9174555
773 0 _tPhilosophiques
_gvol. 16, 1989, págs. 43-72
_wRev1452
942 _cAR
999 _c551690
_d551690